| Tag |
First Indicator |
Second Indicator |
Subfields |
| LEADER |
00000cam a2200000 a 4500 |
| 001 |
in00002445113 |
| 005 |
20151110100616.0 |
| 008 |
081203s2009 nyua b 001 0 eng |
| 015 |
|
|
|a GBA908086
|2 bnb
|
| 016 |
7 |
|
|a 014889114
|2 Uk
|
| 020 |
|
|
|a 9780810975262 (hbk.)
|
| 020 |
|
|
|a 0810975262 (hbk.)
|
| 029 |
1 |
|
|a AU@
|b 000043888995
|
| 029 |
1 |
|
|a BWX
|b R9775186
|
| 035 |
|
|
|a (OCoLC)ocn300401806
|
| 035 |
|
|
|a (OCoLC)300401806
|
| 040 |
|
|
|a UKM
|c UKM
|d YDXCP
|d NPL
|d BWX
|d C#P
|d UtOrBLW
|
| 043 |
|
|
|a n-us-ny
|
| 049 |
|
|
|a TXAM
|
| 050 |
|
4 |
|a ND2638.N4
|b S73 2009
|
| 082 |
0 |
4 |
|a 751.73097471
|2 22
|
| 100 |
1 |
|
|a Stewart, Jack,
|d 1926-2005.
|
| 245 |
1 |
0 |
|a Graffiti kings :
|b New York City mass transit art of the 1970s /
|c Jack Stewart ; [edited by Regina Stewart].
|
| 264 |
|
1 |
|a New York :
|b Melcher Media/Abrams,
|c 2009.
|
| 300 |
|
|
|a 223 pages :
|b illustrations (chiefly color) ;
|c 24 cm.
|
| 336 |
|
|
|a text
|b txt
|2 rdacontent
|
| 337 |
|
|
|a unmediated
|b n
|2 rdamedia
|
| 338 |
|
|
|a volume
|b nc
|2 rdacarrier
|
| 504 |
|
|
|a Includes bibliographical references (pages [216]-217) and index.
|
| 650 |
|
0 |
|a Graffiti
|z New York (State)
|z New York
|x History.
|
| 650 |
|
0 |
|a Graffiti
|z New York (State)
|z New York
|v Pictorial works.
|
| 650 |
|
0 |
|a Street art
|z New York (State)
|z New York
|x History.
|
| 650 |
|
0 |
|a Street art
|z New York (State)
|z New York
|v Pictorial works.
|
| 700 |
1 |
|
|a Stewart, Regina.
|
| 938 |
|
|
|a YBP Library Services
|b YANK
|n 2967308
|
| 938 |
|
|
|a Blackwell Book Service
|b BBUS
|n R9775186
|c $29.95
|
| 945 |
|
|
|a PromptCat
|b 686774
|
| 946 |
|
|
|a stk
|
| 947 |
|
|
|a A14839837156
|
| 994 |
|
|
|a C0
|b TXA
|
| 948 |
|
|
|a cataloged
|b h
|c 2009/5/4
|d c
|e nbehmer
|f 12:51:09 pm
|
| 999 |
|
|
|a MARS
|
| 999 |
f |
f |
|s cd613629-06cc-3376-96ac-69c49e5bbc96
|i d79bf699-b32e-3474-a0f1-520e9099f92e
|t 0
|
| 952 |
f |
f |
|p normal
|a Texas A&M University
|b College Station
|c Sterling C. Evans Library
|d Evans: Library Stacks
|t 0
|e ND2638.N4 S73 2009
|h Library of Congress classification
|i unmediated -- volume
|m A14839837156
|
| 998 |
f |
f |
|a ND2638.N4 S73 2009
|t 0
|l Evans: Library Stacks
|